000 00764nam a2200289Ia 4500
001 11645
003 IT-RoPAU
008 130308s9999 xx 000 0 und d
040 _aIT-RoPAU
040 _cIT-RoPAU
041 _aITALIANO
100 _aKrucenych Aleksandr
100 _gCodice Aut. SPICS: 4993
245 _aMillenovecentodiciotto (Da)
245 _bPer Conoscere l'avanguardia Russa
250 _a1a ed.
260 _aMILANO
260 _bMondadori
260 _c1979 [1° Ed.:1979 - Ed.Ling.Originale:1917]
300 _a"5 p. (prefazione: no ; testo: 5 [pagine: 193-197])"
650 _aSTORIA UNIVERSALE DELLE ARTI VISIVE
650 _eCodice materia Spics: 5009
942 _cBK
957 _71
999 _c47321
_d47321
999 _bSI
999 _g1